| 000 | 00527nam a2200217Ia 4500 | ||
|---|---|---|---|
| 008 | 171120s9999 xx 000 0 und d | ||
| 020 | _a9.7803754256e+012 | ||
| 050 | _a423.1 | ||
| 050 | _bC744 2001 | ||
| 245 | _aConcise thesaurus / | ||
| 250 | _aSecond edition | ||
| 260 | _aNew York : | ||
| 260 | _bRandom House, Inc., | ||
| 260 | _c2001 | ||
| 300 | _aix, 709 pages : | ||
| 300 | _billustrations ; | ||
| 300 | _c18cm. | ||
| 650 | _aEnglish language -- | ||
| 650 | _xSynonyms and antonyms. | ||
| 700 | _aTitle. | ||
| 999 |
_c345045 _d345045 |
||